| 000 | 01871nam0a2200349 4500 | ||
|---|---|---|---|
| 001 | RU\NLR\bibl\1430027 | ||
| 005 | 20260405204418.0 | ||
| 010 |
_a978-5-904431-06-8 _9500 |
||
| 021 |
_aRU _b2009-69429 _94296 |
||
| 035 | _a(NLR Aleph) 001421939 | ||
| 090 |
_a1348223 _c1348223 |
||
| 100 | _a20091026d2009 |||y0rusy50 ca | ||
| 101 | 0 |
_arus _aeng |
|
| 102 | _aRU | ||
| 105 | _aa ||||||||| | ||
| 200 | 1 |
_aБилингвальное образование дошкольника в системе познания окружающего мира _eучебное пособие _fМ.И. Богомолова, Е.В. Кузьмина, Л.М. Шестакова, А.И.Мязина _gАНО ДО "Планета детства "Лада", Дет. сад N° 160 "Дубравушка" (г. Тольятти) |
|
| 210 |
_aУльяновск _cКачалин Александр Васильевич _d2009 |
||
| 215 |
_a136 с., [11] л. ил., цв. ил., нот. _d21 |
||
| 300 | _aЧасть текста на англ. яз. | ||
| 320 | _aБиблиогр.: с. 135-136 (36 назв.) | ||
| 606 | 1 |
_aДошкольники _jУчебные издания _xОбучение английскому языку _xИспользование страноведческих материалов _92595323 _3RU\NLR\auth\661533492 |
|
| 686 | _aЧ411.382.5я7 | ||
| 701 | 1 |
_aБогомолова _bМ. И. _gМария Ивановна _4070 |
|
| 701 | 1 |
_4070 _8rus _7ca _aКузьмина _bЕ. В. _cпедагог-методист _gЕлена Викторовна _3RU\NLR\auth\7791705 _974632 |
|
| 701 | 1 |
_aШестакова _bЛ. М. _gЛидия Михайловна _4070 |
|
| 701 | 1 |
_aМязина _bА. И. _gАнна Ивановна _4070 |
|
| 801 | 0 |
_aRU _bNLR _c20091026 _gRCR |
|
| 801 | 1 |
_aRU _bNLR _c20091026 |
|
| 942 | _cBOOK | ||
| 980 | _aNB | ||
| 980 | _aNBR | ||